| 000 | 00888nam a22003490a 4500 | ||
|---|---|---|---|
| 001 | PT41147 | ||
| 003 | AR-LpoUNG | ||
| 005 | 20250320103309.0 | ||
| 008 | 191001s2010||||be |||||||||||||||||fre d | ||
| 020 |
_a9782874960963 _c$44 |
||
| 040 |
_aAR-LpoUNG _bspa _cAR-LpoUNG _eaacr |
||
| 041 | _afre | ||
| 044 | _abe | ||
| 082 | 0 | _a334.01 575ges | |
| 100 | 1 |
_aMertens, Sybille _edir. |
|
| 245 | 1 | 3 | _aLa gestion des entreprises sociales |
| 260 |
_aLiège : _bEdipro, _c2010. |
||
| 300 |
_a379 p. : _btbls., gráfs. |
||
| 650 | 4 | _aASPECTOS FINANCIEROS | |
| 650 | 4 | _aDESARROLLO SOSTENIBLE | |
| 650 | 4 | _aECONOMIA | |
| 650 | 4 | _aEMPRESAS | |
| 650 | 4 | _aGESTION | |
| 650 | 4 | _aGOBIERNO | |
| 650 | 4 | _aSISTEMAS ECONOMICOS | |
| 650 | 4 | _aSOCIEDAD | |
| 653 | 0 | _aECONOMIA SOCIAL | |
| 653 | 0 | _aECONOMIA SOLIDARIA | |
| 653 | 0 | _aEMPRESAS SOCIALES | |
| 905 | _a41147 | ||
| 942 |
_cLIB _2ddc |
||
| 999 |
_c6388 _d6388 |
||